00364nam a2200145Ia 4500003000400000005001700004008004100021040000700062041000800069082001900077100002200096245004300118260004900161365000800210OSt20230602121307.0210423s2004 xx 000 0 und d cAL aeng a370223b VENL aVENKATESH (T),Ed. aLiteracy in karnataka: birds eye view. aMysorebResearch Unit on Women Studiesc2004 cINR